Practica español ejercicios de gramática para principiantes
Gespeichert in:
| 1. Verfasser: | |
|---|---|
| Körperschaft: | |
| Weitere Verfasser: | , |
| Format: | Buch |
| Sprache: | Spanisch Slowakisch |
| Veröffentlicht: |
Bratislava
Vydavateľstvo EKONÓM
2017
|
| Ausgabe: | 1. vyd. |
| Schlagworte: | |
| Tags: |
Keine Tags, Fügen Sie das erste Tag hinzu!
|
MARC
| LEADER | 00000nam a2200000 4500 | ||
|---|---|---|---|
| 001 | 0227561 | ||
| 005 | 20240502073741.9 | ||
| 020 | |a 978-80-225-4367-5 | ||
| 041 | 0 | |a spa | |
| 041 | 0 | |a slo | |
| 044 | |a SK | ||
| 245 | 1 | 0 | |a Practica español |b ejercicios de gramática para principiantes |c Mónica Sánchez Presa ; recenzenti: Jana Paľková, Bohdan Ulašin |
| 250 | |a 1. vyd. | ||
| 264 | 1 | |a Bratislava |b Vydavateľstvo EKONÓM |c 2017 | |
| 300 | |a 58 s. [4,34 AH] | ||
| 610 | 2 | 0 | |a jazyky cudzie |
| 610 | 2 | 0 | |a španielčina |
| 610 | 2 | 0 | |a gramatika |
| 610 | 2 | 0 | |a zásoba slovná |
| 100 | 1 | |a Sánchez Presa, Mónica | |
| 700 | 1 | |a Paľková, Jana | |
| 700 | 1 | |a Ulašin, Bohdan | |
| 710 | 2 | |a Ekonomická univerzita v Bratislave. Fakulta aplikovaných jazykov | |